000 01380nam a22003857a 4500
003 CHAP
005 20220329135131.0
008 971013s1950 r 00010 d
010 _a31465
011 _a32437
035 _a36552
040 _cCHAP
082 _a634.967
_bC73
100 0 0 _aCraighead, F. C.
_928811
245 _aInsect ennemies of eastern forests
260 _aWashington :
_bGovernment Printing Office,
_c1950
300 _a679 p.
_b: ilus.
490 _aU.S.D.A. Miscellaneous publication
_v; 657
590 _aBATCH-UPD
_b10
_c20130109
_lUCH01
_h2341
590 _aBATCH-UPD
_b10
_c20130110
_lUCH01
_h0224
590 _aBATCH-UPD
_b10
_c20130110
_lUCH01
_h2012
590 _aBATCH-UPD
_b10
_c20130409
_lUCH01
_h1910
590 _aBATCH-UPD
_b10
_c20130410
_lUCH01
_h1331
590 _aBATCH-UPD
_b10
_c20130914
_lUCH01
_h1056
590 _aCONVERSION
_b10
_c20130109
_lUCH01
_h1318
650 1 4 _aÁrboles
_xPlagas.
_982440
650 1 4 _aEntomología económica.
_937145
710 0 _aE.U.A. Department of Agriculture.
_934876
830 0 _aU.S.D.A. Miscellaneous publication
_v; 657
_9115794
901 _aBK
942 _cLIBRO
949 _a634.967 C73
_bBC
_cLIBRO
_d33724000236543
_eLIBRO
_h23841
_i36552
_si
949 _a634.967 C73
_bBC
_cLIBRO
_d33724000236550
_eLIBRO
_fc.2
_h23842
_i36552
_si
949 _a634.967 C73
_bBC
_cLIBRO
_d33724000236568
_eLIBRO
_fc.3
_i36552
_si
999 _c31465
_d31465